LEADER 01103nam--2200385---450- 001 990000785250203316 005 20050520115523.0 010 $a88-315-1437-7 035 $a0078525 035 $aUSA010078525 035 $a(ALEPH)000078525USA01 035 $a0078525 100 $a20011203h----1997km-y0itay0103----ba 101 $aita 102 $aIT 105 $a||||||||001yy 200 1 $aAnno 2000$egiubileo e conversione$fGennaro Matino 210 $aMilano$cPaoline$h1997 215 $a124 p$d20 cm 225 2 $aSpiritualitą senza frontiere$v9 410 $12001$aSpiritualitą senza frontiere$v9 606 0 $aGiubilei$z2000 676 $a263.97 700 1$aMATINO,$bGennaro$0550401 801 0$aIT$bsalbc$gISBD 912 $a990000785250203316 951 $aII.2.Coll.43/2(XIV COLL. 153/9)$b143228 LM$cXIV COLL. 959 $aBK 969 $aUMA 979 $aPATTY$b90$c20011203$lUSA01$h1400 979 $c20020403$lUSA01$h1725 979 $aPATRY$b90$c20040406$lUSA01$h1654 979 $aCOPAT7$b90$c20050520$lUSA01$h1155 996 $aAnno 2000$9965698 997 $aUNISA LEADER 02397nam 2200613 a 450 001 9910966617803321 005 20251117120118.0 010 $a1-134-65713-7 010 $a1-134-65712-9 010 $a1-280-18250-4 010 $a0-203-26380-4 010 $a0-203-00561-9 024 7 $a10.4324/9780203005613 035 $a(CKB)1000000000004226 035 $a(EBL)169012 035 $a(OCoLC)61514845 035 $a(SSID)ssj0000300521 035 $a(PQKBManifestationID)11947488 035 $a(PQKBTitleCode)TC0000300521 035 $a(PQKBWorkID)10252525 035 $a(PQKB)11762584 035 $aebr2003578 035 $a(MiAaPQ)EBC169012 035 $a(Au-PeEL)EBL169012 035 $a(CaPaEBR)ebr10070523 035 $a(CaONFJC)MIL18250 035 $a(OCoLC)50296596 035 $a(EXLCZ)991000000000004226 100 $a20050808e20021999 uy 0 101 0 $aeng 135 $aur|n|---||||| 181 $ctxt 182 $cc 183 $acr 200 00$aIreland in proximity $ehistory, gender, space /$fedited by Scott Brewster ... [et al.] 210 $aLondon ;$aNew York $cRoutledge$d2002 215 $a1 online resource (209 p.) 300 $aDescription based upon print version of record. 311 08$a0-415-18957-8 311 08$a0-415-18958-6 320 $aIncludes bibliographical references and index. 327 $aPreliminaries; Contents; Notes on contributors; Foreword; Acknowledgements; Introduction; 1 Introduction; 2 Nationalism and revisionism; 3 The Whole People of Ireland'; 4 Re-writing the Famine; 5 Introduction; 6 Wild(e) Ireland; 7 A theatrical matrilineage?; 8 Gender, citizenship and the state in Ireland, 1922?1990; 10 Introduction; 11 M/otherlands: literature, gender, diasporic identity; 12 Citizens of its hiding place; 13 Mapping carceral space; 14 Listening to the silences; Index; 330 $aDrawing on a variety of disciplinary and theoretical approaches, this impressive collection of essays makes an innovative contribution to current, and often contentious, debate within Irish studies. 607 $aIreland$xCivilization 607 $aIreland$xHistory 676 $a941.5 701 $aBrewster$b Scott$0939642 801 0$bMiAaPQ 801 1$bMiAaPQ 801 2$bMiAaPQ 906 $aBOOK 912 $a9910966617803321 996 $aIreland in proximity$94493375 997 $aUNINA